| 000 | 00376nam a2200121Ia 4500 | ||
|---|---|---|---|
| 008 | 160609s9999 xx 000 0 und d | ||
| 100 | _aDickey, Michele D. | ||
| 245 | _aAesthetics And Design For Game-based Learning | ||
| 245 | _cBy:Michele D. Dickey | ||
| 260 | _c2015 | ||
| 650 | _xGAME DESIGN AND PRODUCTION | ||
| 856 | _uhttp://file.ebook777.com/001/AesAndDesForGamLea.pdf | ||
| 999 |
_c295765 _d295765 |
||